| 000 | 00337nam a22000977a 4500 | ||
|---|---|---|---|
| 999 |
_c522198 _d522198 |
||
| 082 | _aC35x54 ICSI/2021 | ||
| 100 |
_aThe Institute Of Company Secretaries Of India _936911 |
||
| 245 |
_aGlorious Journey Of ICSI National Conventions _cby The Institute Of Company Secretaries Of India |
||
| 260 |
_aNew delhi _bThe author _c2022 |
||
| 300 | _a160p. | ||